000 02026nam a2200253Ia 4500
008 220216s9999 xx 000 0 und d
100 _aDas G
245 0 _aAdaptation of Hevea brasiliensis clones in three widely different cold prone areas of northeastern India
260 _bIndian Journal of Plant Physiology
_c2013
300 _a231-239
500 _aSource Year: 2013
520 _aGrowth and yield of clones cultivated in three climatologically widely different areas viz. Ganolgre (Tura, Meghalaya), Nagrakatta (Jalpaiguri, West Bengal) and Sarutari (Kamrup, Assam) were compared to understand the behavioral difference of the clones under the native climate. Clone trials were initiated at the three locations with 14 clones along with a check clone. The growth period over years was separated as non-winter (NW-April to September) and winter (W-October to March) periods. A clear indication of adverse effect of low winter temperature on girth increment was observed. Girth of Hevea clones at 20th year of growth with high biomass was found to be better in the climatic condition of Ganolgre than Nagrakata followed by Sarutari. It seems that the optimum rainfall and marginally suitable slope along with proper range of low winter temperature favoured better growth in Ganolgre compared to that in Nagrakatta though altitude of Ganolgre was more than Nagrakatta. Yield of all the clones were at par with or lower than the check clone. Yield in Nagrakata was the best among the three locations followed by Sarutari; and it was lowest in Ganolgre. The study explored the scope of cultivating Hevea brasiliensis in severe cold prone areas, which in future may be come partially cold prone areas due to gradual but steady change in climate.
650 _aAdaptation
650 _aAgroclimate
650 _aBiomass
650 _aGrowth rate
650 _aYield
700 _aChaudhuri D
700 _aMondal G C
700 _aReju M J
700 _aSingh R P
700 _aThapliyal A P
942 _cJS
999 _c53784
_d53784